[Event "Verden op-B"]
[Site "Verden"]
[Date "2023.01.07"]
[Round "6"]
[White "Lau, Robert"]
[Black "Lau, Ferdinand"]
[Result "0-1"]
[WhiteElo "2189"]
[BlackElo "1271"]
[PlyCount "52"]
[EventDate "2023.01.05"]
[EventType "swiss"]
[EventRounds "7"]
[EventCountry "GER"]
[SourceTitle "CBM 212 Extra"]
[Source "ChessBase"]
[SourceDate "2023.03.31"]
[SourceVersion "1"]
[SourceVersionDate "2023.03.31"]
[SourceQuality "1"]

1. e4 c5 2. Nf3 Nc6 3. c3 d6 4. d4 cxd4 5. cxd4 Bg4 6. Bc4 Nf6 7. Be3 Nxe4 8. Qb3 e6 9. Qxb7 Rc8 10. d5 exd5 11. Bxd5 Qa5+ 12. Nc3 Bd7 13. Bxe4 Rb8 14. Bxc6 Rxb7 15. Bxb7 Qb4 16. Bd5 Be7 17. 0-0 0-0 18. Rab1 Bf5 19. Rbc1 Qxb2 20. Bxa7 Rc8 21. Bd4 Bf6 22. Bxf6 gxf6 23. Na4 Qxc1 24. g4 Qf4 25. gxf5 Qxa4 26. Bb3 Qg4+ 0-1

[Event "Verden op-B"]
[Site "Verden"]
[Date "2023.01.06"]
[Round "4"]
[White "Seeber, Helmut"]
[Black "Lau, Ferdinand"]
[Result "1/2-1/2"]
[WhiteElo "1577"]
[BlackElo "1271"]
[PlyCount "118"]
[EventDate "2023.01.05"]
[EventType "swiss"]
[EventRounds "7"]
[EventCountry "GER"]
[SourceTitle "CBM 212 Extra"]
[Source "ChessBase"]
[SourceDate "2023.03.31"]
[SourceVersion "1"]
[SourceVersionDate "2023.03.31"]
[SourceQuality "1"]

1. e4 c5 2. Nf3 Nc6 3. d4 cxd4 4. Nxd4 g6 5. Be3 Nf6 6. f3 Qb6 7. b3 Bg7 8. c3 Qa5 9. Be2 d5 10. Nxc6 bxc6 11. e5 Nd7 12. f4 0-0 13. 0-0 e6 14. b4 Qc7 15. Nd2 Nb6 16. a4 Bb7 17. a5 Nd7 18. Nb3 f6 19. Bc5 Nxc5 20. Nxc5 Rae8 21. Bg4 Bc8 22. Nd3 fxe5 23. fxe5 Rxf1+ 24. Qxf1 Ba6 25. Qe2 Bxd3 26. Qxd3 Bxe5 27. h3 Qg7 28. Rc1 Bf4 29. Rf1 e5 30. b5 e4 31. Qe2 Bd6 32. bxc6 Qe5 33. Qe3 Qh2+ 34. Kf2 Rf8+ 35. Ke2 Qxg2+ 36. Rf2 Rxf2+ 37. Qxf2 Qxf2+ 38. Kxf2 Kf7 39. Ke3 Be5 40. c4 h5 41. Be2 Ke6 42. c5 Bc7 43. a6 Ke5 44. Bf1 d4+ 45. Ke2 d3+ 46. Ke3 h4 47. Bg2 Ba5 48. Bxe4 d2 49. Bc2 g5 50. c7 Bxc7 51. Kxd2 g4 52. hxg4 Kf4 53. Ke2 Kxg4 54. Be4 Kg3 55. Bd5 h3 56. Kf1 h2 57. Bc6 Kf4 58. Kg2 Ke3 59. Bb7 Ke2 1/2-1/2

[Event "Verden op-B"]
[Site "Verden"]
[Date "2023.01.05"]
[Round "2"]
[White "Westerhoff, Ralf"]
[Black "Lau, Ferdinand"]
[Result "0-1"]
[WhiteElo "1555"]
[BlackElo "1271"]
[PlyCount "104"]
[EventDate "2023.01.05"]
[EventType "swiss"]
[EventRounds "7"]
[EventCountry "GER"]
[SourceTitle "CBM 212 Extra"]
[Source "ChessBase"]
[SourceDate "2023.03.31"]
[SourceVersion "1"]
[SourceVersionDate "2023.03.31"]
[SourceQuality "1"]

1. e4 c5 2. Nf3 Nc6 3. Nc3 g6 4. Bc4 Bg7 5. a3 Nf6 6. d3 0-0 7. Be3 d6 8. Qd2 a6 9. Bh6 Qb6 10. Bxg7 Kxg7 11. Na4 Qc7 12. Nc3 Rb8 13. Nd5 Nxd5 14. Bxd5 Be6 15. Bxe6 fxe6 16. 0-0 Rf6 17. b4 Rbf8 18. bxc5 Rxf3 19. gxf3 Nd4 20. Kh1 Nxf3 21. Qe3 dxc5 22. e5 Qc6 23. Qe4 Qxe4 24. dxe4 Nd2 25. Rfd1 Rxf2 26. Kg1 Re2 27. a4 Nf3+ 28. Kf1 Rxh2 29. Ra3 Rh1+ 30. Ke2 Nd4+ 31. Kd2 Rh2+ 32. Kc3 Rxc2+ 33. Kd3 Rf2 34. Rc3 Rf3+ 35. Kd2 Rf4 36. Rb1 Rxe4 37. Rxc5 Nf3+ 38. Kd3 Rxa4 39. Rxb7 Kf7 40. Ke3 Nd4 41. Rc1 Nf5+ 42. Kf2 Rf4+ 43. Ke2 Re4+ 44. Kf2 Rxe5 45. Ra1 a5 46. Rc1 Kf6 47. Rc8 h5 48. Rf8+ Kg5 49. Rb1 h4 50. Rg1+ Ng3 51. Re8 Kg4 52. Rxe7 Re2# 0-1

[Event "Niedersachsen-ch op-C"]
[Site "Verden an der Aller"]
[Date "2020.01.04"]
[Round "5"]
[White "Lau, Ferdinand"]
[Black "Mill, Bernd"]
[Result "1-0"]
[WhiteElo "1124"]
[BlackElo "1372"]
[PlyCount "49"]
[EventDate "2020.01.02"]
[EventType "swiss"]
[EventRounds "7"]
[EventCountry "GER"]
[SourceTitle "EXT 2023"]
[Source "ChessBase"]
[SourceDate "2022.10.05"]
[SourceVersion "1"]
[SourceVersionDate "2022.10.05"]
[SourceQuality "1"]

1. e4 e6 2. d4 d5 3. e5 c6 4. Nf3 Nd7 5. Be3 f6 6. Nbd2 Qc7 7. Bf4 f5 8. c3 g6 9. Qc2 Ne7 10. 0-0-0 Bg7 11. Be2 0-0 12. h4 Kh8 13. h5 h6 14. hxg6 Ng8 15. Ng5 Nb6 16. Nf7+ Rxf7 17. gxf7 Qxf7 18. Bh5 Qf8 19. Nf3 Bd7 20. Qe2 c5 21. Nh4 Be8 22. g4 Nc4 23. g5 Ba4 24. b3 Bxb3 25. Ng6+ 1-0

[Event "Niedersachsen-ch op C"]
[Site "Verden"]
[Date "2019.01.06"]
[Round "7"]
[White "Lau, Ferdinand"]
[Black "Kuipers, Hartmut"]
[Result "0-1"]
[WhiteElo "1232"]
[BlackElo "1044"]
[PlyCount "94"]
[EventDate "2019.01.03"]
[EventType "swiss"]
[EventRounds "7"]
[EventCountry "GER"]
[SourceTitle "EXT 2022"]
[Source "ChessBase"]
[SourceDate "2021.10.06"]
[SourceVersion "1"]
[SourceVersionDate "2021.10.06"]
[SourceQuality "1"]

1. e4 c5 2. Nf3 Nc6 3. d4 cxd4 4. Nxd4 Nf6 5. Nc3 e5 6. Nxc6 dxc6 7. Qxd8+ Kxd8 8. Bc4 Bb4 9. Bg5 Bxc3+ 10. bxc3 Kc7 11. f3 Rf8 12. 0-0 Nd7 13. Be7 Re8 14. Bb4 f6 15. Rfd1 Nb6 16. Bf7 Rd8 17. Rxd8 Kxd8 18. Rd1+ Bd7 19. Be6 Rc8 20. c4 c5 21. Ba5 Rc7 22. Bh3 Kc8 23. g4 Rc6 24. Bf1 Be6 25. Bxb6 Rxb6 26. Ra1 Rb4 27. Bd3 Bxc4 28. Kf2 Bxd3 29. cxd3 Rb2+ 30. Ke3 Rxh2 31. Rc1 b6 32. a4 Kb7 33. Rc4 Ka6 34. Rc3 Ra2 35. f4 Rxa4 36. fxe5 fxe5 37. Rc1 Kb5 38. Rf1 c4 39. Rf5 c3 40. Rxe5+ Kb4 41. Re8 Kb3 42. Rc8 Kb2 43. e5 c2 44. Kd2 Rxg4 45. Rxc2+ Kb3 46. Rc3+ Kb4 47. e6 Rg2+ 0-1

[Event "Niedersachsen-ch op C"]
[Site "Verden"]
[Date "2019.01.04"]
[Round "4"]
[White "Ristedt, Mathis"]
[Black "Lau, Ferdinand"]
[Result "0-1"]
[WhiteElo "886"]
[BlackElo "1232"]
[PlyCount "138"]
[EventDate "2019.01.03"]
[EventType "swiss"]
[EventRounds "7"]
[EventCountry "GER"]
[SourceTitle "EXT 2022"]
[Source "ChessBase"]
[SourceDate "2021.10.06"]
[SourceVersion "1"]
[SourceVersionDate "2021.10.06"]
[SourceQuality "1"]

1. e4 c5 2. Bc4 Nc6 3. d3 g6 4. Nf3 Bg7 5. Nc3 Nf6 6. 0-0 0-0 7. Bf4 d6 8. Qd2 a6 9. Nd5 Nxd5 10. exd5 Na5 11. Bh6 Nxc4 12. dxc4 e6 13. Bxg7 Kxg7 14. Rfe1 exd5 15. cxd5 b5 16. Qc3+ Qf6 17. Qxf6+ Kxf6 18. Rad1 Ra7 19. Re2 Rd7 20. Rde1 Bb7 21. Rd2 Rc8 22. b3 c4 23. bxc4 Rxc4 24. Re8 Rc5 25. Rh8 Kg7 26. Re8 Bxd5 27. a3 Rdc7 28. Ree2 Bc4 29. Re3 R5c6 30. h3 a5 31. Nd4 Rc5 32. Nb3 Bxb3 33. cxb3 Rc3 34. Rxd6 Rxe3 35. fxe3 Rc3 36. Ra6 Rxb3 37. Rxa5 Rxe3 38. Rxb5 Rxa3 39. Rb7 Ra5 40. Kh2 Re5 41. h4 g5 42. Rb4 Kg6 43. Rg4 h6 44. g3 f5 45. Rd4 Re2+ 46. Kh1 gxh4 47. Rxh4 Re4 48. Rh2 Kg5 49. Kg2 Rg4 50. Kf3 Ra4 51. Rh1 h5 52. Rh2 Ra3+ 53. Kg2 Kg4 54. Rh4+ Kg5 55. Kh3 Re3 56. Kg2 Re4 57. Rh3 h4 58. Kf3 hxg3 59. Rxg3+ Kf6 60. Rh3 Kg5 61. Rg3+ Rg4 62. Rh3 f4 63. Ke4 Rg3 64. Rh2 Re3+ 65. Kd4 Kg4 66. Rg2+ Kf3 67. Rh2 Re2 68. Rxe2 Kxe2 69. Ke4 f3 0-1

[Event "Niedersachsen-ch op C"]
[Site "Verden"]
[Date "2018.01.07"]
[Round "7"]
[White "Lau, Ferdinand"]
[Black "Hornstein, Leonhard Orell"]
[Result "0-1"]
[WhiteElo "1080"]
[BlackElo "1190"]
[PlyCount "74"]
[EventDate "2018.01.04"]
[EventType "swiss"]
[EventRounds "7"]
[EventCountry "GER"]
[SourceTitle "EXT 2022"]
[Source "ChessBase"]
[SourceDate "2021.10.06"]
[SourceVersion "1"]
[SourceVersionDate "2021.10.06"]
[SourceQuality "1"]

1. e4 e5 2. Nf3 Nc6 3. d4 Bd6 4. Bc4 Nf6 5. Bg5 0-0 6. Bb5 Qe8 7. Bxf6 gxf6 8. 0-0 Nxd4 9. Nxd4 exd4 10. Qxd4 Qe5 11. Qxe5 fxe5 12. Nd2 Be7 13. Nc4 c6 14. Bxc6 bxc6 15. Nxe5 Bf6 16. Nc4 Ba6 17. e5 Bxc4 18. exf6 Bxf1 19. Rxf1 Rfe8 20. g4 Re5 21. f4 Re2 22. h4 Rae8 23. g5 Re1 24. h5 Rxf1+ 25. Kxf1 Re4 26. Kg2 Rxf4 27. Kg3 Rc4 28. c3 d5 29. Kf3 d4 30. Ke2 dxc3 31. bxc3 Rxc3 32. Kd2 Ra3 33. Ke2 Rxa2+ 34. Kf3 Ra4 35. Kg3 Rb4 36. g6 hxg6 37. h6 Kh8 0-1

[Event "Niedersachsen-ch op-D"]
[Site "Verden"]
[Date "2017.01.05"]
[Round "2"]
[White "Lau, Ferdinand"]
[Black "Kumas, Alina"]
[Result "1-0"]
[WhiteElo "1120"]
[BlackElo "845"]
[PlyCount "22"]
[EventDate "2017.01.05"]
[EventType "swiss"]
[EventRounds "7"]
[EventCountry "GER"]
[SourceTitle "CBM 187 Extra"]
[Source "ChessBase"]
[SourceDate "2018.11.04"]
[SourceVersion "1"]
[SourceVersionDate "2018.11.04"]
[SourceQuality "1"]

1. e4 c5 2. Nf3 g6 3. d4 cxd4 4. Nxd4 Nf6 5. Nc3 d5 6. Nxd5 Nxd5 7. exd5 Qxd5 8. Be3 Bg7 9. Be2 Qxg2 10. Bf3 Qh3 11. Nb3 Nd7 1-0

[Event "Niedersachsen-ch op-C"]
[Site "Verden"]
[Date "2016.01.05"]
[Round "6"]
[White "Aden, Tammo"]
[Black "Lau, Ferdinand"]
[Result "0-1"]
[WhiteElo "1051"]
[BlackElo "930"]
[PlyCount "80"]
[EventDate "2016.01.03"]
[EventType "swiss"]
[EventRounds "7"]
[EventCountry "GER"]
[SourceTitle "EXT 2018"]
[Source "ChessBase"]
[SourceDate "2017.10.13"]
[SourceVersion "1"]
[SourceVersionDate "2017.10.13"]
[SourceQuality "1"]

1. d4 d5 2. Bf4 Nc6 3. g3 Nf6 4. Bg2 Bf5 5. Nf3 e6 6. 0-0 Bd6 7. Bxd6 Qxd6 8. a3 0-0 9. Nbd2 e5 10. dxe5 Nxe5 11. Nxe5 Qxe5 12. Rb1 Rfe8 13. Re1 Qe6 14. Nf3 Ng4 15. Nd4 Qg6 16. Nxf5 Qxf5 17. Rf1 Qh5 18. h3 Nf6 19. e3 Qxd1 20. Rfxd1 c6 21. Rbc1 b5 22. b3 a6 23. a4 g6 24. axb5 axb5 25. c4 bxc4 26. bxc4 dxc4 27. Bxc6 Ne4 28. Bxa8 Rxa8 29. Rxc4 Ng5 30. Kg2 f5 31. h4 Ne4 32. f3 Ra2+ 33. Kh3 Nf2+ 34. Kg2 Nxd1+ 35. Kg1 Nxe3 36. Rc8+ Kg7 37. Rc7+ Kh6 38. Kh1 Rg2 39. Rc3 Re2 40. f4 Kh5 0-1